[Event "WC-2020-S-00004"]
[Site "LSS email"]
[Date "2020.06.08"]
[Round "?"]
[White "Zimmermann, Matthias"]
[Black "Degn, Bruci"]
[Result "1/2-1/2"]
[WhiteElo "2109"]
[BlackElo "2109"]
[PlyCount "126"]
[EventDate "2020.06.08"]
[EventType "tourn (corr)"]
[EventRounds "12"]
[EventCountry "GER"]
[SourceTitle "Corr 2024"]
[Source "ChessBase"]
[SourceDate "2023.10.19"]
[SourceVersion "1"]
[SourceVersionDate "2023.10.19"]
[SourceQuality "1"]

1. d4 Nf6 2. Bf4 c5 3. dxc5 Na6 4. Qd4 Qa5+ 5. Nc3 Nxc5 6. Bd2 Qb6 7. Nf3 e6 8. 0-0-0 d6 9. Bg5 Be7 10. e4 e5 11. Qc4 0-0 12. Kb1 Be6 13. Qe2 Rac8 14. h4 Ncd7 15. Be3 Qa5 16. Qb5 Qxb5 17. Bxb5 Rxc3 18. bxc3 Nxe4 19. Kb2 Ndf6 20. Ng5 Rc8 21. c4 Nc5 22. f3 h6 23. Bxc5 Rxc5 24. Nxe6 fxe6 25. Ba4 Rxc4 26. Bb3 Rb4 27. c4 Rb6 28. a3 Ra6 29. Bc2 Ra5 30. Bg6 d5 31. cxd5 Nxd5 32. a4 Rxa4 33. Rc1 Ba3+ 34. Kb3 Bxc1 35. Kxa4 Be3 36. Re1 b6 37. Be4 Bf2 38. Rc1 Bxh4 39. Kb5 Bf2 40. Ka6 Kf7 41. Kxa7 Bd4 42. Ka6 Nc3 43. Rh1 Kf6 44. Rh4 Bf2 45. Rh5 Ne2 46. Kb5 Nf4 47. Rh2 Kg5 48. Kc6 Bg1 49. Rh1 Bc5 50. Rh2 Bf2 51. g4 Bd4 52. Ra2 g6 53. Ra8 Kh4 54. Rh8 h5 55. Kd6 Kg3 56. gxh5 gxh5 57. Rg8+ Kf2 58. Rh8 Kf1 59. Rh7 Bf2 60. Rc7 h4 61. Kxe5 Bg3 62. Rc1+ Kf2 63. Rc2+ Ke3 1/2-1/2

[Event "WC-2017-S-00008"]
[Site "LSS email"]
[Date "2017.05.17"]
[Round "?"]
[White "Luers, Lavas"]
[Black "Zimmermann, Matthias"]
[Result "1/2-1/2"]
[WhiteElo "2069"]
[BlackElo "2076"]
[PlyCount "56"]
[EventDate "2017.06.01"]
[EventType "tourn (corr)"]
[EventRounds "12"]
[EventCountry "GER"]
[SourceTitle "Corr 2024"]
[Source "ChessBase"]
[SourceDate "2023.10.19"]
[SourceVersion "1"]
[SourceVersionDate "2023.10.19"]
[SourceQuality "1"]

1. d4 Nf6 2. c4 c5 3. d5 b5 4. cxb5 a6 5. bxa6 g6 6. Nc3 Bxa6 7. g3 d6 8. Bg2 Bg7 9. Nf3 Nfd7 10. Bd2 Nb6 11. b3 Bb7 12. e4 Ba6 13. Rc1 N8d7 14. a4 0-0 15. Bf1 Bxf1 16. Kxf1 c4 17. b4 Bxc3 18. Bxc3 Nxa4 19. Bd4 Qb8 20. Rxc4 f5 21. Ng5 Qb5 22. Qe2 fxe4 23. Ne6 Ndb6 24. Bxb6 Nxb6 25. Rxe4 Qxe2+ 26. Rxe2 Ra1+ 27. Kg2 Rxh1 28. Kxh1 Rc8 1/2-1/2

[Event "WC-2017-S-00008"]
[Site "LSS email"]
[Date "2017.05.17"]
[Round "?"]
[White "Tyutyunnik, Roman"]
[Black "Zimmermann, Matthias"]
[Result "1/2-1/2"]
[WhiteElo "2088"]
[BlackElo "2076"]
[PlyCount "73"]
[EventDate "2017.06.01"]
[EventType "tourn (corr)"]
[EventRounds "12"]
[EventCountry "GER"]
[SourceTitle "Corr 2024"]
[Source "ChessBase"]
[SourceDate "2023.10.19"]
[SourceVersion "1"]
[SourceVersionDate "2023.10.19"]
[SourceQuality "1"]

1. e4 c5 2. Nf3 d6 3. d4 cxd4 4. Nxd4 Nf6 5. Nc3 g6 6. Be3 Bg7 7. f3 0-0 8. Qd2 Nc6 9. Bc4 Bd7 10. 0-0-0 Rc8 11. Bb3 Ne5 12. Kb1 a6 13. h4 h5 14. g4 hxg4 15. h5 Nxh5 16. Rdg1 Rc5 17. f4 Nc4 18. Bxc4 Rxc4 19. f5 Qb6 20. Nde2 Qc6 21. Bh6 Bxc3 22. Nxc3 Rxc3 23. Bxf8 Rxc2 24. Qxc2 Qxc2+ 25. Kxc2 Kxf8 26. Rxg4 Nf6 27. Rgg1 Bc6 28. Rh8+ Kg7 29. Rc8 Nxe4 30. fxg6 fxg6 31. Kd3 Nc5+ 32. Ke3 Na4 33. b3 Nb6 34. Rd8 Nd5+ 35. Kf2 Kf7 36. a4 Nf6 37. Ke1 1/2-1/2

[Event "CP-2016-Q-00007"]
[Site "LSS email"]
[Date "2016.11.23"]
[Round "?"]
[White "Zimmermann, Matthias"]
[Black "Buczinski, Henryk"]
[Result "1-0"]
[WhiteElo "2067"]
[BlackElo "1887"]
[PlyCount "103"]
[EventDate "2016.12.01"]
[EventType "tourn (corr)"]
[EventRounds "6"]
[EventCountry "GER"]
[SourceTitle "Corr 2022"]
[Source "ChessBase"]
[SourceDate "2021.10.24"]
[SourceVersion "1"]
[SourceVersionDate "2021.10.24"]
[SourceQuality "1"]

1. Nf3 e6 2. g3 Nf6 3. Bg2 d5 4. 0-0 Be7 5. c4 0-0 6. b3 d4 7. e3 c5 8. exd4 cxd4 9. d3 Nc6 10. Re1 Bb4 11. Re2 Bd6 12. Ba3 e5 13. b4 Bg4 14. c5 e4 15. dxe4 Be5 16. Qd3 Bxf3 17. Bxf3 Nd7 18. b5 Bxg3 19. Bg2 Bf4 20. bxc6 bxc6 21. Rb2 Qg5 22. Nd2 Ne5 23. Qe2 d3 24. Qd1 Rad8 25. Bb4 Rb8 26. Nf1 h5 27. Rab1 Rfe8 28. Ng3 a5 29. Bc3 Rxb2 30. Rxb2 h4 31. Nh5 h3 32. Nxf4 Qxf4 33. Bxh3 Nf3+ 34. Kf1 Rxe4 35. Bg2 Rc4 36. Qxf3 Qc1+ 37. Be1 Qxb2 38. Qxd3 Rxc5 39. Be4 Qf6 40. Bd2 g6 41. Kg2 Kh7 42. a4 Rh5 43. Qb3 Rc5 44. Qh3+ Kg8 45. Qd3 Kh7 46. Bf3 Qe6 47. h3 Rc4 48. Bc3 c5 49. Bd1 Qe4+ 50. Qxe4 Rxe4 51. Kf1 Rh4 52. Bxa5 1-0

[Event "SB-2016-0-00474"]
[Site "LSS email"]
[Date "2016.11.22"]
[Round "?"]
[White "Zimmermann, Matthias"]
[Black "Borisovs, Leonids"]
[Result "1-0"]
[WhiteElo "2044"]
[BlackElo "2109"]
[PlyCount "117"]
[EventDate "2016.10.24"]
[EventType "tourn (corr)"]
[EventRounds "6"]
[EventCountry "GER"]
[SourceTitle "Corr 2022"]
[Source "ChessBase"]
[SourceDate "2021.10.24"]
[SourceVersion "1"]
[SourceVersionDate "2021.10.24"]
[SourceQuality "1"]

1. Nf3 Nf6 2. g3 d5 3. Bg2 c6 4. d3 Bg4 5. Nbd2 Nbd7 6. 0-0 e5 7. e4 Bd6 8. h3 Bh5 9. g4 Bg6 10. Nh4 0-0 11. Nf5 Bxf5 12. exf5 h6 13. Re1 Re8 14. Nf1 Qb6 15. c3 Rad8 16. a3 Qa6 17. h4 Nc5 18. g5 Nh7 19. Re3 d4 20. Rh3 e4 21. gxh6 Nxd3 22. Qg4 Bf8 23. hxg7 Bc5 24. cxd4 Bxd4 25. Be3 Qa4 26. Nh2 Bxb2 27. Rf1 Be5 28. f4 Nf6 29. Qg5 Bd4 30. Qh6 Nh7 31. Qh5 Bxg7 32. Rg3 Kh8 33. Kh1 f6 34. Qf7 Rg8 35. Bh3 Rdf8 36. Qxb7 Rb8 37. Qe7 Rbe8 38. Qf7 Ref8 39. Qa2 Rb8 40. h5 Qb3 41. Qg2 Rbd8 42. Rg1 Bh6 43. Ng4 Bf8 44. Qxe4 Qd5 45. Bg2 Bc5 46. Qxd5 cxd5 47. Bxc5 Nxc5 48. Bf3 Rd7 49. Kh2 Ne4 50. R3g2 a5 51. Nh6 Rxg2+ 52. Rxg2 Rg7 53. Rc2 Nf8 54. Rc8 Kh7 55. Ng4 Nd7 56. h6 Rf7 57. Kh3 Ndc5 58. Bxe4 Nxe4 59. Rd8 1-0

[Event "BI-2016-F-0000"]
[Site "LSS email"]
[Date "2016.02.14"]
[Round "?"]
[White "Martucci, Massimo"]
[Black "Zimmermann, Matthias"]
[Result "1/2-1/2"]
[WhiteElo "2203"]
[BlackElo "1964"]
[PlyCount "65"]
[EventDate "2016.02.20"]
[EventType "tourn (corr)"]
[EventRounds "10"]
[EventCountry "GER"]
[SourceTitle "Corr 2022"]
[Source "ChessBase"]
[SourceDate "2021.10.24"]
[SourceVersion "1"]
[SourceVersionDate "2021.10.24"]
[SourceQuality "1"]

1. e4 c5 2. Nf3 d6 3. d4 cxd4 4. Nxd4 Nf6 5. Nc3 g6 6. Be3 Bg7 7. f3 0-0 8. Qd2 Nc6 9. Bc4 Bd7 10. Bb3 Rc8 11. 0-0-0 Ne5 12. Kb1 a6 13. h4 h5 14. Bh6 Nc4 15. Bxc4 Rxc4 16. Bxg7 Kxg7 17. Rhe1 e5 18. Nb3 Rc6 19. f4 Bg4 20. fxe5 Nd7 21. Nd4 Rc5 22. Nf3 dxe5 23. Qe3 Qc8 24. Rd3 b5 25. Qf2 f6 26. Nd2 Rc6 27. Nb3 Be6 28. Nd5 Bxd5 29. Rxd5 Nb6 30. Rd3 Nc4 31. Nd2 Rf7 32. Nxc4 Rxc4 33. b3 1/2-1/2

[Event "BI-2016-F-0000"]
[Site "LSS email"]
[Date "2016.02.14"]
[Round "?"]
[White "Tarmak, Mart"]
[Black "Zimmermann, Matthias"]
[Result "1/2-1/2"]
[WhiteElo "2135"]
[BlackElo "1964"]
[PlyCount "48"]
[EventDate "2016.02.20"]
[EventType "tourn (corr)"]
[EventRounds "10"]
[EventCountry "GER"]
[SourceTitle "Corr 2022"]
[Source "ChessBase"]
[SourceDate "2021.10.24"]
[SourceVersion "1"]
[SourceVersionDate "2021.10.24"]
[SourceQuality "1"]

1. e4 c5 2. Nf3 d6 3. d4 cxd4 4. Nxd4 Nf6 5. Nc3 g6 6. Be3 Bg7 7. f3 0-0 8. Qd2 Nc6 9. 0-0-0 d5 10. Qe1 e5 11. Nxc6 bxc6 12. exd5 Nxd5 13. Bc4 Be6 14. Kb1 a5 15. h4 Rb8 16. Ne4 f5 17. Ng5 Re8 18. Bc1 Bc8 19. Qg1 h6 20. Qc5 Bb7 21. Ne4 Kh7 22. h5 g5 23. Qd6 fxe4 24. Qg6+ Kh8 1/2-1/2

[Event "BI-2016-F-0000"]
[Site "LSS email"]
[Date "2016.02.14"]
[Round "?"]
[White "Zimmermann, Matthias"]
[Black "Kele, Karoly"]
[Result "1-0"]
[WhiteElo "1964"]
[BlackElo "2063"]
[PlyCount "103"]
[EventDate "2016.02.20"]
[EventType "tourn (corr)"]
[EventRounds "10"]
[EventCountry "GER"]
[SourceTitle "Corr 2022"]
[Source "ChessBase"]
[SourceDate "2021.10.24"]
[SourceVersion "1"]
[SourceVersionDate "2021.10.24"]
[SourceQuality "1"]

1. Nf3 Nf6 2. g3 d5 3. Bg2 c6 4. d3 Bg4 5. Nbd2 Nbd7 6. 0-0 e5 7. e4 dxe4 8. dxe4 Bc5 9. h3 Bh5 10. Qe1 0-0 11. Nb3 Bb6 12. a4 a5 13. Be3 Qc7 14. Nfd2 Bxe3 15. Qxe3 b5 16. c4 Rfd8 17. Rfc1 b4 18. c5 Nf8 19. Nc4 Ne6 20. Kh2 Ne8 21. f3 f6 22. Rd1 Bf7 23. Bf1 g5 24. Nb6 Rab8 25. Bc4 Qa7 26. Qg1 Kg7 27. Kg2 Bg8 28. Rab1 h6 29. Ra1 h5 30. Rac1 Kf8 31. Rxd8 Rxd8 32. Rd1 h4 33. Rxd8 Nxd8 34. Bxg8 Kxg8 35. Qd1 Ne6 36. Qd7 Qxd7 37. Nxd7 Kf7 38. Nxa5 Ke7 39. Nb8 Nxc5 40. Nbxc6+ Kd6 41. Nxb4 Nxa4 42. Nd3 Nc5 43. Nc4+ Kc6 44. Nxc5 Kxc5 45. Ne3 Nd6 46. Nf5 Nc4 47. b4+ Kxb4 48. gxh4 gxh4 49. Nxh4 Kc5 50. Nf5 Nb6 51. h4 Nd7 52. Kh3 1-0

[Event "WC-2016-P-00009"]
[Site "LSS email"]
[Date "2016.01.22"]
[Round "?"]
[White "Demetriades, Jenny"]
[Black "Zimmermann, Matthias"]
[Result "1/2-1/2"]
[WhiteElo "1693"]
[BlackElo "1964"]
[PlyCount "63"]
[EventDate "2016.01.28"]
[EventType "tourn (corr)"]
[EventRounds "12"]
[EventCountry "GER"]
[SourceTitle "Corr 2022"]
[Source "ChessBase"]
[SourceDate "2021.10.24"]
[SourceVersion "1"]
[SourceVersionDate "2021.10.24"]
[SourceQuality "1"]

1. d4 Nf6 2. Nf3 c5 3. d5 d6 4. Nc3 g6 5. e4 Bg7 6. Be2 0-0 7. 0-0 Na6 8. h3 Nc7 9. a4 b6 10. Re1 Bb7 11. Bg5 h6 12. Bf4 Re8 13. Bc4 e6 14. dxe6 Nxe6 15. Qxd6 Qxd6 16. Bxd6 Nd4 17. Nxd4 cxd4 18. Nb5 Nxe4 19. f3 a6 20. fxe4 axb5 21. axb5 Rxa1 22. Rxa1 Bxe4 23. Ra7 Rc8 24. Bxf7+ Kh8 25. Rc7 Rd8 26. Bg3 g5 27. Kh2 d3 28. cxd3 Rxd3 29. Re7 Bd5 30. Bg6 Rd2 31. Re8+ Bf8 32. Be4 1/2-1/2

[Event "WC-2016-P-00009"]
[Site "LSS email"]
[Date "2016.01.22"]
[Round "?"]
[White "Koch, Christian"]
[Black "Zimmermann, Matthias"]
[Result "1/2-1/2"]
[WhiteElo "2284"]
[BlackElo "1964"]
[PlyCount "55"]
[EventDate "2016.01.28"]
[EventType "tourn (corr)"]
[EventRounds "12"]
[EventCountry "GER"]
[SourceTitle "Corr 2022"]
[Source "ChessBase"]
[SourceDate "2021.10.24"]
[SourceVersion "1"]
[SourceVersionDate "2021.10.24"]
[SourceQuality "1"]

1. e4 c5 2. Nf3 d6 3. d4 cxd4 4. Nxd4 Nf6 5. Nc3 g6 6. Be3 Bg7 7. f3 0-0 8. Qd2 Nc6 9. g4 Be6 10. Nxe6 fxe6 11. 0-0-0 Ne5 12. Be2 Qc8 13. h4 Nfd7 14. h5 Nc4 15. Bxc4 Qxc4 16. hxg6 hxg6 17. f4 Bxc3 18. bxc3 Qxa2 19. Qh2 Kf7 20. Qh7+ Ke8 21. e5 dxe5 22. Qxg6+ Kd8 23. f5 exf5 24. Bg5 Qa1+ 25. Kd2 Qa4 26. gxf5 Rc8 27. Qe6 Rc4 28. Bxe7+ 1/2-1/2

[Event "WC-2016-P-00009"]
[Site "LSS email"]
[Date "2016.01.22"]
[Round "?"]
[White "Zimmermann, Matthias"]
[Black "Buczinski, Henryk"]
[Result "1/2-1/2"]
[WhiteElo "1964"]
[BlackElo "2129"]
[PlyCount "116"]
[EventDate "2016.01.28"]
[EventType "tourn (corr)"]
[EventRounds "12"]
[EventCountry "GER"]
[SourceTitle "Corr 2022"]
[Source "ChessBase"]
[SourceDate "2021.10.24"]
[SourceVersion "1"]
[SourceVersionDate "2021.10.24"]
[SourceQuality "1"]

1. Nf3 Nf6 2. g3 c5 3. Bg2 Nc6 4. 0-0 e5 5. c4 d5 6. cxd5 Nxd5 7. Nc3 Be6 8. Ng5 Qxg5 9. Nxd5 Qd8 10. Ne3 Rc8 11. b3 Bd6 12. Bb2 0-0 13. Rc1 f5 14. Nc4 Qd7 15. Bxc6 Qxc6 16. Nxe5 Qa6 17. Qc2 Bxe5 18. Bxe5 Qxe2 19. Rfe1 Qg4 20. Bf4 Bf7 21. Re7 b5 22. Re5 c4 23. Rxb5 a6 24. Re5 g5 25. h3 Qf3 26. Bxg5 cxb3 27. Qxc8 Rxc8 28. Rxc8+ Kg7 29. axb3 Kg6 30. Be3 Bd5 31. Rxd5 Qxd5 32. Rc5 Qxb3 33. Rc6+ Kg7 34. Rxa6 h5 35. Rh6 Qd1+ 36. Kg2 Qe2 37. Rd6 Qc4 38. Rd7+ Kg6 39. Rd4 Qa6 40. h4 Qc6+ 41. f3 Kf7 42. Rb4 Qa6 43. Kf2 Qa1 44. Rb5 Ke6 45. Bf4 Qh1 46. Re5+ Kf6 47. Re1 Qh2+ 48. Ke3 Qg2 49. Rc1 Ke6 50. Bb8 Kd5 51. Rb1 Ke6 52. Bf4 Kd5 53. Ra1 Ke6 54. Rc1 Kd5 55. Bc7 Ke6 56. Ra1 Ke7 57. Be5 Ke6 58. Bb8 Ke7 1/2-1/2

[Event "CP-2015-P-00023"]
[Site "LSS email"]
[Date "2015.09.28"]
[Round "?"]
[White "Bukharin, Alexey"]
[Black "Zimmermann, Matthias"]
[Result "1/2-1/2"]
[WhiteElo "1995"]
[BlackElo "1954"]
[PlyCount "37"]
[EventDate "2015.10.01"]
[EventType "tourn (corr)"]
[EventRounds "6"]
[EventCountry "GER"]
[SourceTitle "Corr 2022"]
[Source "ChessBase"]
[SourceDate "2021.10.24"]
[SourceVersion "1"]
[SourceVersionDate "2021.10.24"]
[SourceQuality "1"]

1. e4 c5 2. Nf3 d6 3. d4 cxd4 4. Nxd4 Nf6 5. Nc3 g6 6. Be3 Bg7 7. f3 0-0 8. Qd2 Nc6 9. 0-0-0 d5 10. Kb1 Nxd4 11. e5 Nxf3 12. gxf3 Nh5 13. Nxd5 Be6 14. Bc4 Bxe5 15. Bh6 Bg7 16. Bxg7 Nxg7 17. Qb4 Bxd5 18. Bxd5 Qc7 19. Qxb7 1/2-1/2

[Event "CP-2015-P-00023"]
[Site "LSS email"]
[Date "2015.09.28"]
[Round "?"]
[White "Zimmermann, Matthias"]
[Black "Bulgarini Torre, Marco"]
[Result "1-0"]
[WhiteElo "1954"]
[BlackElo "2229"]
[PlyCount "99"]
[EventDate "2015.10.01"]
[EventType "tourn (corr)"]
[EventRounds "6"]
[EventCountry "GER"]
[SourceTitle "Corr 2022"]
[Source "ChessBase"]
[SourceDate "2021.10.24"]
[SourceVersion "1"]
[SourceVersionDate "2021.10.24"]
[SourceQuality "1"]

1. Nf3 d5 2. g3 Bg4 3. Bg2 c6 4. 0-0 e6 5. d3 Nd7 6. Nbd2 Bd6 7. e4 Ne7 8. h3 Bh5 9. Qe1 0-0 10. Nh4 Ng6 11. Nxg6 Bxg6 12. f4 f6 13. Nf3 Qc7 14. exd5 exd5 15. Be3 Rfe8 16. Qd2 c5 17. Bf2 Bf7 18. Rfe1 b5 19. c3 Nb6 20. h4 a5 21. Rac1 Rac8 22. Bh3 Rcd8 23. Rxe8+ Rxe8 24. b4 Na4 25. bxc5 Bxc5 26. Nd4 Ba3 27. Rc2 Qb7 28. Qd1 Bf8 29. Qb1 Rb8 30. Ne6 Bd6 31. Kh2 b4 32. cxb4 axb4 33. Qc1 Re8 34. Nd4 h5 35. Kg2 Nc3 36. a3 Nb5 37. axb4 Nxd4 38. Bxd4 Qxb4 39. Qb2 Qa4 40. Rc1 Bg6 41. Ra1 Qc6 42. Ra7 Re7 43. Rxe7 Bxe7 44. Qb1 Be8 45. Qa2 Bd7 46. Bxd7 Qxd7 47. Qd2 g6 48. Qc2 Qe6 49. Kf3 Qh3 50. Qb3 1-0

[Event "SC-2015-0-00271"]
[Site "LSS email"]
[Date "2015.09.06"]
[Round "?"]
[White "Soreghy, Janos"]
[Black "Zimmermann, Matthias"]
[Result "1/2-1/2"]
[WhiteElo "1676"]
[BlackElo "1884"]
[PlyCount "42"]
[EventDate "2015.08.03"]
[EventType "tourn (corr)"]
[EventRounds "6"]
[EventCountry "GER"]
[SourceTitle "Corr 2022"]
[Source "ChessBase"]
[SourceDate "2021.10.24"]
[SourceVersion "1"]
[SourceVersionDate "2021.10.24"]
[SourceQuality "1"]

1. d4 Nf6 2. c4 c5 3. d5 b5 4. Nf3 g6 5. cxb5 a6 6. Nc3 Bg7 7. e3 0-0 8. a4 Bb7 9. e4 e6 10. dxe6 fxe6 11. Bg5 Qa5 12. Bd2 axb5 13. Bxb5 Qc7 14. Bd3 Na6 15. 0-0 Nb4 16. Nb5 Qb6 17. Bxb4 cxb4 18. Qe1 Nh5 19. Qxb4 Rxf3 20. gxf3 Qd8 21. Nc3 Qg5+ 1/2-1/2

[Event "BI-2015-P-0000"]
[Site "LSS email"]
[Date "2015.04.16"]
[Round "?"]
[White "Grabowski, Benedykt"]
[Black "Zimmermann, Matthias"]
[Result "0-1"]
[WhiteElo "1891"]
[BlackElo "1836"]
[PlyCount "88"]
[EventDate "2015.04.22"]
[EventType "tourn (corr)"]
[EventRounds "10"]
[EventCountry "GER"]
[SourceTitle "Corr 2022"]
[Source "ChessBase"]
[SourceDate "2021.10.24"]
[SourceVersion "1"]
[SourceVersionDate "2021.10.24"]
[SourceQuality "1"]

1. d4 Nf6 2. c4 c5 3. d5 b5 4. cxb5 a6 5. bxa6 g6 6. Nc3 Bxa6 7. Nf3 d6 8. g3 Bg7 9. Bg2 Nfd7 10. Rb1 Nb6 11. b3 Bxc3+ 12. Nd2 0-0 13. 0-0 Bb7 14. Qc2 Bg7 15. e4 e6 16. b4 exd5 17. bxc5 dxc5 18. exd5 N8d7 19. Rd1 Bxd5 20. Bxd5 Nxd5 21. Ne4 N5f6 22. Nd6 Ng4 23. h3 Nge5 24. Be3 Nf3+ 25. Kg2 Nd4 26. Qe4 Nf6 27. Qe5 Ng4 28. Qd5 Nxe3+ 29. fxe3 Qe7 30. Rd3 Rfd8 31. Rb6 c4 32. Rxd4 Qxe3 33. Rd2 c3 34. Qxf7+ Kh8 35. Rc2 Rxd6 36. Rxd6 Qe4+ 37. Kg1 Qxc2 38. Qb3 Qf5 39. Qb6 Rf8 40. Rd8 c2 41. Rxf8+ Qxf8 42. Qe3 Bb2 43. Kg2 c1Q 44. Qxc1 Bxc1 0-1

[Event "BI-2015-P-0000"]
[Site "LSS email"]
[Date "2015.04.16"]
[Round "?"]
[White "Huseby, Juan Carlos"]
[Black "Zimmermann, Matthias"]
[Result "0-1"]
[WhiteElo "356"]
[BlackElo "1836"]
[PlyCount "44"]
[EventDate "2015.04.22"]
[EventType "tourn (corr)"]
[EventRounds "10"]
[EventCountry "GER"]
[SourceTitle "Corr 2022"]
[Source "ChessBase"]
[SourceDate "2021.10.24"]
[SourceVersion "1"]
[SourceVersionDate "2021.10.24"]
[SourceQuality "1"]

1. e4 c5 2. Bc4 d6 3. Bxf7+ Kxf7 4. Qf3+ Nf6 5. Nc3 Nc6 6. Nge2 Nb4 7. 0-0 Bg4 8. Qg3 Nxc2 9. Rb1 g6 10. Qd3 Nb4 11. Qc4+ Be6 12. Qxe6+ Kxe6 13. Nf4+ Kf7 14. Ncd5 Nfxd5 15. exd5 Bh6 16. Ne6 Qa5 17. f4 Qxa2 18. Ng5+ Bxg5 19. fxg5+ Ke8 20. d4 Qxb1 21. h4 Rf8 22. Rf3 Rxf3 0-1

[Event "BI-2015-P-0000"]
[Site "LSS email"]
[Date "2015.04.16"]
[Round "?"]
[White "Zimmermann, Matthias"]
[Black "Egorov, Vladimir Al"]
[Result "1-0"]
[WhiteElo "1836"]
[BlackElo "2361"]
[PlyCount "161"]
[EventDate "2015.04.22"]
[EventType "tourn (corr)"]
[EventRounds "10"]
[EventCountry "GER"]
[SourceTitle "Corr 2022"]
[Source "ChessBase"]
[SourceDate "2021.10.24"]
[SourceVersion "1"]
[SourceVersionDate "2021.10.24"]
[SourceQuality "1"]

1. Nf3 Nf6 2. g3 d5 3. Bg2 c6 4. 0-0 g6 5. d3 Bg7 6. Nbd2 c5 7. e4 dxe4 8. dxe4 0-0 9. c3 Nc6 10. Qe2 Qb6 11. e5 Ng4 12. Nc4 Qa6 13. Bf4 h6 14. h3 g5 15. hxg4 gxf4 16. gxf4 Bxg4 17. Qe4 Rad8 18. Nh4 f5 19. exf6 Rxf6 20. f5 Bh5 21. f4 Na5 22. Nxa5 Qxa5 23. Bf3 Bf7 24. Rf2 e6 25. Rg2 Qb6 26. a4 Kh8 27. a5 Qa6 28. Qe5 exf5 29. Nxf5 Bf8 30. Bxb7 Qe6 31. Ng3 Bd6 32. Qxe6 Bxe6 33. Nh5 Rff8 34. Rg6 Rg8 35. Rxg8+ Bxg8 36. Kf2 Bf7 37. Rh1 Bg6 38. a6 Bc7 39. Kf3 Rf8 40. Be4 Bxh5+ 41. Rxh5 Rxf4+ 42. Ke3 Rf6 43. Kd3 Bb6 44. Re5 Rd6+ 45. Kc4 Kg7 46. Kb5 Kf6 47. Rf5+ Ke6 48. Rh5 Ke7 49. Bc6 Kf7 50. Rf5+ Ke6 51. Rf8 Rd2 52. b3 Rd3 53. Kc4 Rd6 54. Bh1 Rd2 55. Bb7 Ke7 56. Rh8 Rh2 57. Rh7+ Kd6 58. Rg7 Ke5 59. Rg6 Ba5 60. Rc6 Kf4 61. Rxc5 Bb6 62. Rc6 Be3 63. b4 Ke5 64. Rc7 Bg1 65. Rc8 Rb2 66. Kb5 Rb3 67. Re8+ Kf6 68. c4 Be3 69. Rf8+ Ke5 70. Rf3 Rc3 71. Rf7 Bd2 72. Bd5 Be3 73. Re7+ Kd6 74. Re6+ Kd7 75. c5 h5 76. Re5 Bd2 77. Bc6+ Kc7 78. Re7+ Kc8 79. Rxa7 Rb3 80. Kb6 Rxb4+ 81. Bb5 1-0

[Event "BI-2015-P-0000"]
[Site "LSS email"]
[Date "2015.04.16"]
[Round "?"]
[White "Zimmermann, Matthias"]
[Black "Perez Garcia, Miguel"]
[Result "1-0"]
[WhiteElo "1836"]
[BlackElo "1168"]
[PlyCount "35"]
[EventDate "2015.04.22"]
[EventType "tourn (corr)"]
[EventRounds "10"]
[EventCountry "GER"]
[SourceTitle "Corr 2022"]
[Source "ChessBase"]
[SourceDate "2021.10.24"]
[SourceVersion "1"]
[SourceVersionDate "2021.10.24"]
[SourceQuality "1"]

1. Nf3 Nf6 2. g3 c5 3. Bg2 Nc6 4. 0-0 d5 5. d4 e6 6. c4 cxd4 7. Nxd4 Bc5 8. Nb3 Be7 9. cxd5 exd5 10. Nc3 Be6 11. Bg5 0-0 12. Rc1 Rc8 13. Bxf6 Bxf6 14. Bxd5 Bxc3 15. Bxe6 Bxb2 16. Bxc8 Bxc1 17. Qxd8 Nxd8 18. Rxc1 1-0

[Event "BI-2015-P-0000"]
[Site "LSS email"]
[Date "2015.04.16"]
[Round "?"]
[White "Zimmermann, Matthias"]
[Black "Rojas, Fernando"]
[Result "1-0"]
[WhiteElo "1836"]
[BlackElo "1173"]
[PlyCount "45"]
[EventDate "2015.04.22"]
[EventType "tourn (corr)"]
[EventRounds "10"]
[EventCountry "GER"]
[SourceTitle "Corr 2022"]
[Source "ChessBase"]
[SourceDate "2021.10.24"]
[SourceVersion "1"]
[SourceVersionDate "2021.10.24"]
[SourceQuality "1"]

1. Nf3 Nf6 2. g3 g6 3. Bg2 Bg7 4. 0-0 0-0 5. c4 c6 6. d4 d5 7. cxd5 cxd5 8. Nc3 Nc6 9. Ne5 e6 10. Nxc6 bxc6 11. Bg5 h6 12. Bf4 Nh5 13. Be3 e5 14. dxe5 Bxe5 15. Bxh6 Bg7 16. Bxg7 Kxg7 17. Rc1 Bb7 18. Qd4+ Nf6 19. Na4 Re8 20. e3 Qd6 21. Nc5 Bc8 22. Ne4 Rxe4 23. Bxe4 1-0